Great Literature #8 - Statistics

General Stats
  • This quiz has been taken 337 times
  • The average score is 10 of 20
Answer Stats
Hint Answer % Correct
Das Kapital Karl Marx
79%
The Second World War Winston Churchill
73%
Manifesto of the Communist Party Karl Marx, Friedrich Engels
69%
The Tale of Genji Murasaki Shikibu
65%
Atonement Ian McEwan
64%
Rabbit, Run John Updike
61%
Fear and Loathing in Las Vegas: A Savage Journey to the Heart of the American Dream Hunter S. Thompson
60%
Lord Jim Joseph Conrad
59%
White Teeth Zadie Smith
58%
The General Theory of Employment, Interest and Money John Maynard Keynes
57%
Facundo Domingo Faustino Sarmiento
49%
The Golden Notebook Doris Lessing
40%
A Confederacy of Dunces John Kennedy Toole
39%
Democracy in America Alexis de Tocqueville
38%
Good Country People Flannery O’Connor
37%
Out of Africa Isak Dinesen
37%
Cousin Bette Honoré de Balzac
36%
The Education of _____ _____ Henry Adams
26%
The Structure of Scientific Revolutions Thomas Kuhn
24%
Black Lamb and Grey Falcon Rebecca West
15%
No matching quizzes found
Score Distribution
Percent of People with Each Score
Percentile by Number Answered
Your Score History
You have not taken this quiz